Music Quiz

Random Music or Album Quiz

50 Albums to Click: 1986 Quiz Stats

Quiz not verified by Sporcle

Challenge
Share
Tweet
Embed
Score 0/50 Timer 08:00
0 Plays Today
% Correct
Slippery
95%
Cat
94%
Final
94%
Dancing
93.7%
True
92.6%
Dead
90.5%
Ill
90.1%
Master
89.4%
Touch
88.2%
Way
87.9%
Rule
86.5%
Tuff
85%
Blue
84.6%
High
82.4%
Play
78.1%
Who
77.5%
Rock
76.1%
Time
72.5%
Devil
72.1%
Diesel
69.8%
Magic
69.8%
Raising
69.5%
Leather
67.5%
Pageant
65.4%
Smile
65.4%
% Correct
Cadillacs
65%
Radio
63.9%
Stories
63.7%
Other
62.9%
Peace
62.7%
Smile
61.4%
Stage
56%
Work
56%
Balance
55.7%
Beach
55.3%
Shot
54.1%
King
52.7%
Landing
51.2%
Different
51%
Close
49.9%
Persuader
47.3%
Luxury
43.1%
Zombie
42.7%
Poetry
41.5%
Think
36.4%
Grey
34.3%
Zone
33.9%
Guru
33.2%
Loaded
31.8%
Pacific
18.7%

You're not logged in!

Compare scores with friends on all Sporcle quizzes.
Join for Free
OR
Log In

You Might Also Like...

Show Comments

Extras

Top Quizzes Today


Score Distribution

Your Account Isn't Verified!

In order to create a playlist on Sporcle, you need to verify the email address you used during registration. Go to your Sporcle Settings to finish the process.

Report this User

Report this user for behavior that violates our Community Guidelines.

Details: